Szczegóły MARC21

Podręcznik tanecznej techniki wolnej : dla choreografów, instruktorów tańca i nauczycieli wychowania fizycznego /

005 -DATA I CZAS OSTATNIEJ MODYFIKACJI [,]
    • @
    • pole kontrolne
    • 20140625112220.0
020 -Międzynarod. znormalizowany nr książki - ISBN [ , ]
    • a
    • Numer ISBN
    • 9788389121325 Find
040 -Instytucja sporządzająca opis [ , ]
    • d
    • Instytucja, która zmodyfikowała rekord (P)
    • SZCZ U/ML
041 -Język dokumentu [0, ]
    • a
    • Język tekstu (P)
    • polski
044 -Kraj miejsca wydania [ , ]
    • a
    • Kraj miejsca wydania
    • Polska
942 -Rodzaj dokumentu [ , ]
    • c
    • Rodzaj dokumentu
    • Książka
100 -Hasło główne - nazwa osobowa [1, ]
    • a
    • Nazwa osobowa (NP)
    • Janowska, Barbara
    • c
    • Dopowiedzenie inne niż daty biograficzne (P)
    • (taniec).
    • 9
    • KHW
    • 70553
245 -Strefa tytułu i oznaczenia odpowiedzialności [1,0]
    • a
    • Tytuł
    • Podręcznik tanecznej techniki wolnej : Find
    • b
    • Ciąg dalszy tytułu (NP)
    • dla choreografów, instruktorów tańca i nauczycieli wychowania fizycznego / Find
    • c
    • Pozostałe elementy strefy tytułu i oznaczenia odpowiedzialności (NP)
    • Barbara Janowska, Barbara Seredyńska.
260 -Strefa adresu wydawniczego [ , ]
    • a
    • Miejsce wydania (P)
    • Kraków :
    • b
    • Nazwa wydawcy (P)
    • Akademia Wychowania Fizycznego im. Bronisława Czecha,
    • c
    • Data wydania (P)
    • 2013.
300 -Strefa opisu fizycznego [ , ]
    • a
    • Określenie formy książki i/lub objętość (NP)
    • 100 s. :
    • b
    • Oznaczenie ilustracji (NP)
    • il. ;
    • c
    • Format (NP)
    • 23 cm.
490 -Strefa serii i książki wielotomowej - forma nie do wyszukiwania [1, ]
    • a
    • Tytuł (P)
    • Podręczniki i Skrypty / Akademia Wychowania Fizycznego im. Bronisława Czecha w Krakowie, Find
    • x
    • ISSN (NP)
    • 1429-8635 ;
    • v
    • Numeracja (P)
    • nr 26
830 -Hasło dodatkowe serii i opisu książki wielotomowej - tytuł ujednolicony/tytuł [ ,0]
    • a
    • Tytuł ujednolicony/tytuł (NP)
    • Podręczniki i Skrypty - Akademia Wychowania Fizycznego im. Bronisława Czecha w Krakowie
    • x
    • ISSN
    • 1429-8635
    • v
    • Oznaczenie tomu (NP)
    • nr 26
    • 9
    • KHW
    • 7302
504 -Uwaga dot. bibliogr. załącznikowej [ , ]
    • a
    • Uwaga dot. bibliografii załącznikowej
    • Bibliogr. s. 92.
080 -Uniwersalna Klasyfikacja Dziesiętna [ , ]
    • 2
    • Identyfikator wydania tablic
    • UDC-P058
    • 9
    • UKD
    • 6314
    • a
    • Symbol klasyfikacji
    • 796.41
    • b
    • Dopowiedzenie
    • Gimnastyka. Gimnastyka rytmiczna. Aerobik. Fitness.
    • 4
    • UKD2
    • 8594
    • x
    • Poddział wspólny
    • (07)
    • c
    • Dopowiedzenie poddz. wspólnego
    • (Wydawnictwa dydaktyczne. Podręczniki).
080 -Uniwersalna Klasyfikacja Dziesiętna [ , ]
    • 2
    • Identyfikator wydania tablic
    • UDC-P058
    • 9
    • UKD
    • 6276
    • a
    • Symbol klasyfikacji
    • 796.01
    • b
    • Dopowiedzenie
    • Teoria i metodyka kultury fizycznej i sportu.
    • 4
    • UKD2
    • 8594
    • x
    • Poddział wspólny
    • (07)
    • c
    • Dopowiedzenie poddz. wspólnego
    • (Wydawnictwa dydaktyczne. Podręczniki).
980 -Symbol UKD [ , ]
    • a
    • UKD
    • 796.41:796.01](07)
700 -Hasło dodatkowe - nazwa osobowa [1, ]
    • a
    • Nazwa osobowa (NP)
    • Seredyńska, Barbara. Find
    • 9
    • KHW
    • 70554
710 -Hasło dodatkowe - nazwa ciała zbiorowego [2, ]
    • 4
    • Kod relacji
    • pbl
    • 9
    • KHW
    • 11370
    • a
    • Nazwa ciała zbiorowego lub nazwa geograficzna jako pierwszy element (NP)
    • Akademia Wychowania Fizycznego im. Bronisława Czecha (Kraków).
920 -ISBN [ , ]
    • a
    • ISBN
    • 978-83-89121-32-5 Find
Numer inwentarzowy Sygnatura Status udost. Lokalizacja Data inwentaryzacji
WF.9462Taniec 211BM2014-03-26